000 00523nam a2200169 i 4500
001 70517
003 ES-MaACL
005 20230906170835.0
007 t|
008 040727s1907 sp ||||1| spa d
100 1 _aGarcía Vélez, José.
_955390
245 1 3 _aLa enzimosis peptógena aplicada al ensayo de las pepsinas comerciales /
_cpor José García Vélez.
260 _aGranada :
_b[s.n.,
_c1907] (
_fLópez Guevara)
300 _a1 v.
502 _aTesis del doctorado en Farmacia.
852 _aES-MaACL
_jT-1138-F-3
999 _c70517
_d70517